• 首页
  • 本馆介绍
  • 公告通知
  • 最新文献
  • 馆藏检索
  • 电子资源
  • 读者荐购
  • 参考咨询
  • CALIS
  • 我的图书馆
  • 登录
  • 详细信息显示
  • 放入我的书架
  • 预约/预借图书
  • 作者相关作品
  • 分类相关作品
  • 丛书相关作品
  • 出版社相关作品

书目信息

  • 表格格式
  • 工作单格式
  • 卡片格式
题名:
千奇百怪法兰西
    
 
作者: 车耳 著
分册:  
出版信息: 北京   中国建材工业出版社  1997.05
页数: 259页
开本: 32开
丛书名:
单 册:
中图分类: K895.65
科图分类:
主题词: 风俗习惯
电子资源:
ISBN: 7-80090-415-6
 
 
 
 
 
000 00539nam0 2200193 45
001 0012051194
005 20001205112354.2
010    @a7-80090-415-6@d14.00元
100    @a20001205d1997 km y0chiy0120 ea
101 0  @achi
105    @a z 000yy
200 1  @a千奇百怪法兰西@AQian Qi Bai Guai Fa Lan Xi@f车耳著@FChe Er Zhu
210    @a北京@c中国建材工业出版社@d1997.05
215    @a259页@d32开
606 0  @a风俗习惯
690    @aK895.65@v3
701  0 @a车耳@4著
801    @aCN@bPftUser@c20001205
905    @b514020-022@dK895.65@eCH.055@f3
    
    千奇百怪法兰西/车耳著.-北京:中国建材工业出版社,1997.05
    259页;32开
    
    
    ISBN 7-80090-415-6:14.00元
    
●
相关链接 在E读中查询图书 在当当中查询图书 在豆瓣中查询图书


正题名:千奇百怪法兰西     索取号:K895.65/CH.055         预约/预借

序号 登录号 条形码 馆藏地/架位号 状态 备注
1 514020   205140202   社科库309/309社科库 11排3列5层/ [索取号:K895.65/CH.055] 在馆    
2 514021   205140211   社科库309/309社科库 11排3列5层/ [索取号:K895.65/CH.055] 在馆    
3 514022   205140220   社科库309/309社科库 11排3列5层/ [索取号:K895.65/CH.055] 在馆    
河南城建学院图书馆 欢迎您!
大连网信软件有限公司© 版权所有